| 000 | 00495nam a22001817a 4500 | ||
|---|---|---|---|
| 003 | BUBTL | ||
| 008 | 180924b xxu||||| |||| 00| 0 eng d | ||
| 082 | _a344.015492DHL | ||
| 100 |
_99 _aDhar, Nirmalendu |
||
| 245 |
_aLabour and Industrial Laws of Bangladesh _cNirmalendu Dhar |
||
| 250 | _a1st ed. | ||
| 260 |
_aDhaka : _bReMisi Publishers, _cc2011. |
||
| 300 |
_a629 p. : _c22 cm. |
||
| 650 | 0 |
_926 _aLaw |
|
| 856 |
_k0 _l0 _yDownload |
||
| 942 |
_2ddc _cBK |
||
| 999 |
_c5821 _d5821 |
||